000 00902nam a22001815i 4500
001 152463
003 ES-MaACL
005 20230906204745.0
008 940301s1855 sp |||| | spa d
040 _aCAM
_bspa
100 1 _aBotella y Andrés, Francisco.
_9126092
245 1 3 _aEl rico y el pobre
_b: drama en cuatro actos /
_coriginal de Francisco Botella y Andrés.
260 _aMadrid :
_b[s.n.],
_c1855 (
_fImprenta de José Rodriguez)
300 _a41 p. ;
_c19 cm.
500 _aEn port.: Representado en el Teatro del Instituto Español, el 18 de Febrero de 1855.
596 _aEn verso de port. consta: La propiedad de este drama pertenece al Director de la Galería lírico-dramática El Teatro ..."
852 _aES-MaACL
_jF-8577(9)
_z-- Enc. pasta española, falto de la enc. original
_z-- Enc. en un vol. facticio formando parte de la col. facticia "Teatro español moderno", vol. 30
999 _c152463
_d152463